| 000 | 00000nam##2200000za#4500 |
| 001 | 9.688717 |
| 003 | CaOODSP |
| 005 | 20210624231546 |
| 007 | cr ||||||||||| |
| 008 | 150407|2001||||xxc|||||o f|0| 0 eng|d |
| 040 | |aCaOODSP|beng |
| 043 | |an-cn--- |
| 086 | 1 |aE94-308/2001E-PDF |
| 110 | 1 |aCanada.|bCanadian International Development Agency. |
| 245 | 10|aQuestions about culture, gender equality and development cooperation |h[electronic resource] |
| 260 | |aOttawa - Ontario : |bCanadian International Development Agency |c2001. |
| 300 | |a16p.|breferences, table, photographs |
| 500 | |aThe catalogue number and ISBN for the bilingual print edition have been incorrectly copied in this electronic publication. |
| 590 | |a06-10-Supp|b2006-12-15 |
| 690 | 07|aCulture|2gcpds |
| 690 | 07|aEqual opportunities|2gcpds |
| 690 | 07|aInternational development|2gcpds |
| 775 | 08|tCulture, égalité entre les sexes et coopération au développement : |w(CaOODSP)9.633133 |
| 776 | 0#|tQuestions about culture, gender equality and development cooperation : |w(CaOODSP)9.662641 |
| 776 | 0#|tCulture, égalité entre les sexes et coopération au développement : |w(CaOODSP)9.662642 |
| 856 | 40|ahttp://publications.gc.ca|qPDF|s883 KB|uhttps://publications.gc.ca/collections/Collection/E94-308-2001E.pdf |